[Event "Madrid-ch Previa A"]
[Site "Madrid ESP"]
[Date "2016.02.09"]
[Round "2.22"]
[White "Lopez Heras, Arturo"]
[Black "Ojosnegros Martin, Angel"]
[Result "1-0"]
[WhiteElo "1812"]
[BlackElo "1524"]
[PlyCount "115"]
[EventDate "2016.02.08"]
[EventType "swiss"]
[EventRounds "9"]
[EventCountry "ESP"]
[SourceDate "2016.02.08"]

1. d4 Nf6 2. c4 e6 3. Nc3 d5 4. e3 b6 5. cxd5 exd5 6. Nf3 Bb7 7. Bd3 Nbd7 8.
O-O a6 9. Re1 Be7 10. Qc2 O-O 11. Bd2 c5 12. Rac1 Re8 13. Bf5 Bf8 14. Ng5 g6
15. Bd3 Bg7 16. f4 Rc8 17. Qd1 cxd4 18. exd4 Ne4 19. Ncxe4 Bxd4+ 20. Nf2 Rxe1+
21. Qxe1 Bxb2 22. Rxc8 Bxc8 23. Bc3 Ba3 24. Ng4 Bc5+ 25. Kh1 d4 26. Qh4 Nf8 27.
Bd2 Bxg4 28. Qxg4 Qd5 29. Qe2 Qxa2 30. Bxa6 Qa1+ 31. Qf1 Qxf1+ 32. Bxf1 f5 33.
Bc4+ Kg7 34. Kg1 Kf6 35. Kf1 Ke7 36. Ke2 Kf6 37. Kd3 Ke7 38. Nf3 Ne6 39. Bxe6
Kxe6 40. Kc4 h6 41. Nxd4+ Bxd4 42. Kxd4 Kd6 43. Bb4+ Ke6 44. Bf8 h5 45. Bb4 b5
46. h4 Kf6 47. Kd5 Kf7 48. Ke5 Kg7 49. Ke6 Kg8 50. Kf6 Kh7 51. Bf8 Kg8 52. Bb4
Kh7 53. g3 Kh6 54. Kf7 Kh7 55. Bf8 b4 56. Bxb4 Kh6 57. Bc5 Kh7 58. Bf8 1-0

[Event "Madrid-ch Previa A"]
[Site "Madrid ESP"]
[Date "2016.02.09"]
[Round "2.23"]
[White "Serrano Gonzalez, Oscar"]
[Black "Torres Alvarez, Augusto"]
[Result "1-0"]
[WhiteElo "1718"]
[BlackElo "1501"]
[PlyCount "87"]
[EventDate "2016.02.08"]
[EventType "swiss"]
[EventRounds "9"]
[EventCountry "ESP"]
[SourceDate "2016.02.08"]

1. e4 e6 2. d4 d5 3. exd5 exd5 4. c4 c6 5. Nc3 Bb4 6. Qb3 Ba5 7. Bd2 Nf6 8. f3
O-O 9. O-O-O Qb6 10. Qa4 Qb4 11. g4 Qxa4 12. Nxa4 Bc7 13. Nc3 Be6 14. c5 b6 15.
Na4 Nbd7 16. h3 bxc5 17. dxc5 h5 18. Ne2 Ne5 19. Nd4 Bd7 20. Nc3 a5 21. Rg1 Ng6
22. Bg5 Bf4+ 23. Bxf4 Nxf4 24. Nce2 Ne6 25. Nxe6 Bxe6 26. gxh5 Nxh5 27. Ng3 Nf6
28. f4 Rfe8 29. Bg2 Bd7 30. Rd3 Re7 31. Kd2 Rae8 32. Ra3 Ra8 33. Re1 Rxe1 34.
Kxe1 a4 35. b3 Ra5 36. b4 Ra7 37. Kd2 Be6 38. f5 Bd7 39. Bf3 g6 40. fxg6 Bxh3
41. gxf7+ Kxf7 42. Bd1 Bg2 43. Rxa4 Rxa4 44. Bxa4 1-0

[Event "Madrid-ch Previa A"]
[Site "Madrid ESP"]
[Date "2016.02.09"]
[Round "2.25"]
[White "Jimenez Jimenez, Darfo"]
[Black "Navarro Corredor, Angel"]
[Result "1-0"]
[WhiteElo "1706"]
[BlackElo "1456"]
[PlyCount "77"]
[EventDate "2016.02.08"]
[EventType "swiss"]
[EventRounds "9"]
[EventCountry "ESP"]
[SourceDate "2016.02.08"]

1. e4 c5 2. Nc3 e5 3. d3 Nf6 4. Bg5 Be7 5. Qd2 O-O 6. Nge2 Nc6 7. f4 d6 8.
O-O-O Ng4 9. Bxe7 Qxe7 10. Nd5 Qd8 11. Ng3 Nf6 12. Nxf6+ Qxf6 13. f5 g6 14. Be2
Qh4 15. Rdf1 Bd7 16. Bd1 f6 17. c3 Ne7 18. Kb1 Kg7 19. d4 cxd4 20. cxd4 Bc6 21.
Bc2 Rfd8 22. Qb4 Kf8 23. dxe5 dxe5 24. Bb3 Rd4 25. Qc5 b6 26. Qc1 Rc8 27. Qe1
Bxe4+ 28. Nxe4 Rxe4 29. Qd2 Rd4 30. Qe2 Qg5 31. fxg6 hxg6 32. h4 Rxh4 33. Rxh4
Qxh4 34. Qxe5 Ng8 35. Qe6 Rc7 36. Qxg8+ Ke7 37. Qf7+ Kd6 38. Rxf6+ Kc5 39. Qd5+
1-0

[Event "Madrid-ch Previa A"]
[Site "Madrid ESP"]
[Date "2016.02.09"]
[Round "2.26"]
[White "Jaumandreu Llopis, Antonio"]
[Black "Rodriguez Bachiller, Luis"]
[Result "1/2-1/2"]
[WhiteElo "1504"]
[BlackElo "1685"]
[PlyCount "78"]
[EventDate "2016.02.08"]
[EventType "swiss"]
[EventRounds "9"]
[EventCountry "ESP"]
[SourceDate "2016.02.08"]

1. e4 g6 2. d4 d6 3. f4 c5 4. Nf3 Bg7 5. Be3 Bg4 6. c3 cxd4 7. Bxd4 Nf6 8. h3
Bxf3 9. Qxf3 Nc6 10. e5 Nxd4 11. cxd4 dxe5 12. Bb5+ Kf8 13. dxe5 Nd5 14. Nc3
Nxc3 15. bxc3 Qc7 16. Qe3 a6 17. Be2 Rc8 18. Rc1 e6 19. O-O Ke7 20. Rfd1 Rhd8
21. Rxd8 Kxd8 22. Bf3 Bf8 23. Qd3+ Ke8 24. Qe4 Bc5+ 25. Kf1 b6 26. g3 Ke7 27.
Qb7 a5 28. Qxc7+ Rxc7 29. c4 Ba3 30. Rc2 b5 31. Be2 Rc5 32. Rc3 b4 33. Rb3 h5
34. Rb1 Kd7 35. Ke1 Kc7 36. Kd1 Kb6 37. Kc2 Rc7 38. Rd1 Kc5 39. Rd6 Ra7 1/2-1/2

[Event "Madrid-ch Previa A"]
[Site "Madrid ESP"]
[Date "2016.02.09"]
[Round "2.27"]
[White "Lizon Martinez, Santiago"]
[Black "Enriquez Pastor, Jorge"]
[Result "1-0"]
[WhiteElo "1681"]
[BlackElo "1425"]
[PlyCount "113"]
[EventDate "2016.02.08"]
[EventType "swiss"]
[EventRounds "9"]
[EventCountry "ESP"]
[SourceDate "2016.02.08"]

1. e4 c6 2. d4 d5 3. e5 Bf5 4. Nf3 e6 5. Be2 c5 6. Be3 c4 7. O-O Nc6 8. c3 b5
9. a3 h6 10. h3 Nge7 11. Nbd2 Bh7 12. Bf4 Ng6 13. Bg3 Be7 14. b4 O-O 15. a4 a6
16. Ra2 Qb6 17. Qa1 Ra7 18. axb5 axb5 19. Rxa7 Nxa7 20. Qa2 Nc6 21. Ra1 Rb8 22.
Qa6 Bd8 23. h4 Qxa6 24. Rxa6 Rb6 25. Ra8 Nge7 26. h5 Rb8 27. Ra6 Rb6 28. Ra2
Rb7 29. Bh4 Kf8 30. Ra6 Rb6 31. Ra2 Rb7 32. Ra6 Ke8 33. g4 Ra7 34. Rxa7 Nxa7
35. Bd1 Nec8 36. Bxd8 Kxd8 37. g5 Nb6 38. g6 fxg6 39. Bc2 Nac8 40. hxg6 Bg8 41.
Nh4 Ne7 42. Kf1 Nd7 43. Ke2 Nf8 44. Nf1 Nf5 45. Nxf5 exf5 46. Bxf5 Be6 47. Ng3
Ke7 48. Kf3 h5 49. Bxe6 Kxe6 50. Nxh5 Nxg6 51. Nxg7+ Kf7 52. Nf5 Ke6 53. Nd6
Ne7 54. Nxb5 Nc8 55. Nc7+ Kd7 56. Nxd5 Na7 57. Nb6+ 1-0

[Event "Madrid-ch Previa A"]
[Site "Madrid ESP"]
[Date "2016.02.09"]
[Round "2.28"]
[White "Garcia Lafuente, Luis"]
[Black "Lucia Carpintero, Oscar"]
[Result "1-0"]
[WhiteElo "1494"]
[BlackElo "1675"]
[PlyCount "71"]
[EventDate "2016.02.08"]
[EventType "swiss"]
[EventRounds "9"]
[EventCountry "ESP"]
[SourceDate "2016.02.08"]

1. d4 Nf6 2. c4 c5 3. d5 b5 4. Qc2 bxc4 5. e4 d6 6. Bxc4 g6 7. Ne2 Bg7 8. Nbc3
O-O 9. O-O Nbd7 10. f4 Ne8 11. Be3 a5 12. a4 Nc7 13. Rad1 Ba6 14. Nb5 Rb8 15.
Nec3 Rb6 16. Qe2 Bxb5 17. Nxb5 Nb8 18. e5 Nba6 19. Bf2 Nxb5 20. axb5 Nb4 21.
Bg3 f5 22. h4 Re8 23. h5 Qa8 24. Bh4 a4 25. Rf3 Qb8 26. hxg6 hxg6 27. Rg3 Kh7
28. Bg5 dxe5 29. fxe5 Bxe5 30. Re3 Bd6 31. Rh3+ Kg7 32. Bh6+ Kh7 33. Qe6 Bh2+
34. Rxh2 Rxe6 35. Bf4+ Kg7 36. Bxb8 1-0

[Event "Madrid-ch Previa A"]
[Site "Madrid ESP"]
[Date "2016.02.09"]
[Round "2.29"]
[White "Suarez Mencia, Roberto"]
[Black "Diaz Begonte, Manuel"]
[Result "0-1"]
[WhiteElo "1448"]
[BlackElo "1656"]
[PlyCount "44"]
[EventDate "2016.02.08"]
[EventType "swiss"]
[EventRounds "9"]
[EventCountry "ESP"]
[SourceDate "2016.02.08"]

1. c4 c6 2. g3 d5 3. cxd5 Qxd5 4. Nf3 e5 5. Nc3 Qa5 6. e4 Nf6 7. Bg2 Bg4 8. Qb3
Qc7 9. Nh4 Nbd7 10. f3 Be6 11. Qc2 Bc5 12. Na4 Bd4 13. Nc3 Qb6 14. d3 O-O 15.
Nd1 Rfd8 16. f4 Nc5 17. Nf3 Nxd3+ 18. Kf1 Nxc1 19. Rxc1 Bxa2 20. fxe5 Ng4 21.
Nxd4 Rxd4 22. Qe2 Rxd1+ 0-1

[Event "Madrid-ch Previa A"]
[Site "Madrid ESP"]
[Date "2016.02.09"]
[Round "2.30"]
[White "Martinez Miura, Enrique"]
[Black "Sierra Garcia, Ricardo"]
[Result "1-0"]
[WhiteElo "1653"]
[BlackElo "1800"]
[PlyCount "89"]
[EventDate "2016.02.08"]
[EventType "swiss"]
[EventRounds "9"]
[EventCountry "ESP"]
[SourceDate "2016.02.08"]

1. e4 c5 2. c4 d6 3. Nc3 Nf6 4. g3 e5 5. Bg2 Be6 6. d3 Be7 7. Nge2 O-O 8. O-O
Nc6 9. Nd5 Bxd5 10. cxd5 Nb8 11. f4 Nbd7 12. Bh3 Qc7 13. Be3 c4 14. Rc1 Nb6 15.
dxc4 Nxe4 16. Qd3 Nc5 17. Bxc5 Qxc5+ 18. Kh1 exf4 19. Nxf4 Bf6 20. b3 Rae8 21.
Rce1 Be5 22. Qf3 Bxf4 23. Qxf4 Rxe1 24. Rxe1 Qc7 25. Re4 Nd7 26. Re7 Qd8 27.
Rxd7 Qe8 28. Rxb7 Qe1+ 29. Bf1 Qa5 30. Qf2 Qd8 31. Rxa7 Qe8 32. Qe2 Qb8 33. Re7
g6 34. Bh3 Rd8 35. Bd7 Kf8 36. Bc6 Qc8 37. Qe4 f5 38. Qe6 Qxe6 39. Rxe6 Kf7 40.
a4 Rb8 41. Bb5 Rd8 42. a5 Ra8 43. a6 Ra7 44. Rxd6 Ke7 45. Rd7+ 1-0

[Event "Madrid-ch Previa A"]
[Site "Madrid ESP"]
[Date "2016.02.10"]
[Round "3.1"]
[White "Ruiz Sanchez, Roberto"]
[Black "Roldan Garcia, Angel"]
[Result "0-1"]
[WhiteElo "1965"]
[BlackElo "1838"]
[PlyCount "70"]
[EventDate "2016.02.08"]
[EventType "swiss"]
[EventRounds "9"]
[EventCountry "ESP"]
[SourceDate "2016.02.08"]

1. e4 c5 2. Nf3 e6 3. d4 cxd4 4. Nxd4 Nc6 5. Nc3 Qc7 6. Be2 a6 7. O-O Nf6 8.
Be3 Bb4 9. Na4 Be7 10. Nxc6 bxc6 11. Nb6 Rb8 12. Nxc8 Qxc8 13. Bd4 c5 14. Be5
Rb6 15. b3 Nxe4 16. Bxg7 Rg8 17. Be5 Bf6 18. Bxf6 Nxf6 19. Re1 Qc7 20. Qd2 Qc6
21. g3 Ne4 22. Qh6 Ng5 23. Rad1 Qe4 24. Qh5 Qf5 25. Bg4 Qxc2 26. Rc1 Qd2 27.
Red1 Qb4 28. Rc4 Qa3 29. h4 d5 30. Ra4 Qb2 31. hxg5 Qe5 32. Rf4 Rb7 33. Bf3
Rxg5 34. Qxh7 Qxf4 35. Qh8+ Ke7 0-1

[Event "Madrid-ch Previa A"]
[Site "Madrid ESP"]
[Date "2016.02.10"]
[Round "3.3"]
[White "Hernandez Garcia, Carlos"]
[Black "Ruiz Quevedo, Andres"]
[Result "0-1"]
[WhiteElo "1737"]
[BlackElo "1902"]
[PlyCount "84"]
[EventDate "2016.02.08"]
[EventType "swiss"]
[EventRounds "9"]
[EventCountry "ESP"]
[SourceDate "2016.02.08"]

1. e4 c5 2. Nf3 d6 3. Nc3 Nf6 4. d4 cxd4 5. Nxd4 a6 6. Be2 e5 7. Nb3 Be6 8. a4
Nbd7 9. O-O Be7 10. f4 Rc8 11. f5 Bc4 12. a5 O-O 13. Bxc4 Rxc4 14. Qe2 Qc7 15.
g4 d5 16. Nd2 Rxc3 17. bxc3 Qxc3 18. Rb1 Qd4+ 19. Kh1 Nc5 20. Bb2 Qa4 21. Bxe5
Nfxe4 22. Nxe4 Nxe4 23. Rxb7 Bg5 24. Rb8 Rxb8 25. Bxb8 Qe8 26. Rb1 h5 27. Kg1
Qc6 28. Rb6 Qc5+ 29. Kg2 hxg4 30. Rxa6 Qc3 31. Qd3 Qc8 32. Bg3 Qxf5 33. Rb6 d4
34. Rb5 Qg6 35. Re5 f5 36. a6 Qc6 37. Qb3+ Kh7 38. Rd5 Nc3 39. Qb7 Qxd5+ 40.
Qxd5 Nxd5 41. Bc7 Nxc7 42. a7 Be3 0-1

[Event "Madrid-ch Previa A"]
[Site "Madrid ESP"]
[Date "2016.02.10"]
[Round "3.4"]
[White "Rueda Maria, Ramiro"]
[Black "Fernandez Rios, Jose Francisco"]
[Result "0-1"]
[WhiteElo "1891"]
[BlackElo "1778"]
[PlyCount "66"]
[EventDate "2016.02.08"]
[EventType "swiss"]
[EventRounds "9"]
[EventCountry "ESP"]
[SourceDate "2016.02.08"]

1. c4 c5 2. Nc3 g6 3. g3 Bg7 4. Bg2 Nc6 5. Nf3 d6 6. O-O Bf5 7. d3 Qd7 8. Nd5
Nf6 9. Nxf6+ Bxf6 10. Rb1 O-O 11. a3 a5 12. Bd2 Rab8 13. Qa4 Nd4 14. Qxd7 Nxe2+
15. Kh1 Bxd7 16. Rfe1 Nd4 17. Bxa5 Nxf3 18. Bxf3 b5 19. Re2 bxc4 20. dxc4 Bf5
21. Be4 Bxe4+ 22. Rxe4 Rb3 23. Re2 Rfb8 24. Rc1 Rxb2 25. Rcc2 Rxc2 26. Rxc2 Ra8
27. Bc3 Rxa3 28. Bxf6 exf6 29. Rd2 Ra6 30. Kg2 Kf8 31. Kf3 Ke7 32. Ke4 Ke6 33.
f4 f5+ 0-1

[Event "Madrid-ch Previa A"]
[Site "Madrid ESP"]
[Date "2016.02.10"]
[Round "3.5"]
[White "Martin Garcia, Francisco Javie"]
[Black "Lozano Sanchez, Jose Antonio"]
[Result "1/2-1/2"]
[WhiteElo "1553"]
[BlackElo "1883"]
[PlyCount "53"]
[EventDate "2016.02.08"]
[EventType "swiss"]
[EventRounds "9"]
[EventCountry "ESP"]
[SourceDate "2016.02.08"]

1. d4 d5 2. Nf3 Nf6 3. g3 c6 4. Bg2 Nbd7 5. c4 dxc4 6. Nfd2 Nb6 7. e3 Bf5 8. a4
a5 9. b3 Bd3 10. bxc4 Nxc4 11. Qb3 Nxd2 12. Qxd3 Nxb1 13. Qxb1 Rb8 14. Ba3 e6
15. O-O Bxa3 16. Rxa3 O-O 17. Rb3 Qc7 18. Rc1 Nd5 19. Bxd5 exd5 20. Rb6 h6 21.
Rc5 Rfe8 22. Rxa5 Re7 23. Rc5 Qc8 24. a5 Ra8 25. Qb4 Rc7 26. Kg2 Ra7 27. h4
1/2-1/2

[Event "Madrid-ch Previa A"]
[Site "Madrid ESP"]
[Date "2016.02.10"]
[Round "3.6"]
[White "Cabañas Bravo, Juan Andres"]
[Black "Ortega Morales, Pedro"]
[Result "0-1"]
[WhiteElo "2006"]
[BlackElo "1751"]
[PlyCount "82"]
[EventDate "2016.02.08"]
[EventType "swiss"]
[EventRounds "9"]
[EventCountry "ESP"]
[SourceDate "2016.02.08"]

1. e4 e5 2. c3 d5 3. Nf3 Nf6 4. Nxe5 Bd6 5. d4 Nxe4 6. g3 Qe7 7. Qe2 Nd7 8. f4
Ndf6 9. Bg2 c6 10. O-O O-O 11. a4 a5 12. Na3 Re8 13. Nc2 g6 14. c4 Qc7 15. c5
Bf8 16. Be3 Bg7 17. Ne1 b6 18. N1d3 bxc5 19. dxc5 Ba6 20. Bd4 Nd7 21. Qe3 Bxd3
22. Qxd3 Nxe5 23. fxe5 Bxe5 24. Rae1 Bxd4+ 25. Qxd4 Rab8 26. Bxe4 Rb4 27. Bxg6
Rxe1 28. Bxh7+ Kxh7 29. Qd3+ Ree4 30. Qf3 Rg4 31. Qf5+ Kg7 32. Qf6+ Kg8 33. Rf5
Rg7 34. Rh5 Rf4 35. Qh6 f6 36. Qh8+ Kf7 37. Rh7 Rfg4 38. Rh6 Qe7 39. Qb8 Qxc5+
40. Kg2 Qe7 41. Rh5 Rb4 0-1

[Event "Madrid-ch Previa A"]
[Site "Madrid ESP"]
[Date "2016.02.10"]
[Round "3.7"]
[White "Viñas Lopez, Carlos"]
[Black "Valencia De Loma, Sergio"]
[Result "0-1"]
[WhiteElo "1913"]
[BlackElo "1672"]
[PlyCount "106"]
[EventDate "2016.02.08"]
[EventType "swiss"]
[EventRounds "9"]
[EventCountry "ESP"]
[SourceDate "2016.02.08"]

1. d4 d5 2. c4 e6 3. Nc3 Be7 4. Nf3 Nf6 5. cxd5 exd5 6. Qc2 c6 7. Bg5 Nbd7 8.
e3 O-O 9. Bd3 h6 10. Bh4 Re8 11. O-O Ne4 12. Bxe7 Qxe7 13. Rab1 a5 14. a3 Nf8
15. Na4 Bg4 16. Nd2 Ng5 17. Rfe1 Qf6 18. f3 Nxf3+ 19. Nxf3 Bxf3 20. gxf3 Qxf3
21. Qf2 Qh3 22. Qg3 Qh5 23. Rf1 Re6 24. Rf5 Qg6 25. Qxg6 Nxg6 26. Kf2 Nh4 27.
Rf4 g5 28. Rg4 Rae8 29. Re1 Rf6+ 30. Ke2 Nf3 31. Rf1 Nxh2 32. Rxg5+ hxg5 33.
Rxf6 Rxe3+ 34. Kxe3 Ng4+ 35. Kf3 Nxf6 36. Nc5 b6 37. Na4 b5 38. Nc5 a4 39. Na6
Nd7 40. Nb4 Nb8 41. Kg4 f6 42. Kf5 Kf7 43. Be2 Ke7 44. Bh5 Kd6 45. Be8 c5 46.
Nc2 Nc6 47. Bxc6 Kxc6 48. Kxf6 g4 49. dxc5 Kxc5 50. Ne3 g3 51. Ke5 d4 52. Ng2
d3 53. Ne3 d2 0-1

[Event "Madrid-ch Previa A"]
[Site "Madrid ESP"]
[Date "2016.02.10"]
[Round "3.8"]
[White "Vazquez Cabeza, Isaac"]
[Black "Camacho Casado, Demetrio"]
[Result "1/2-1/2"]
[WhiteElo "1724"]
[BlackElo "1909"]
[PlyCount "58"]
[EventDate "2016.02.08"]
[EventType "swiss"]
[EventRounds "9"]
[EventCountry "ESP"]
[SourceDate "2016.02.08"]

1. c4 Nf6 2. Nc3 g6 3. g3 Bg7 4. Bg2 O-O 5. Nf3 d6 6. O-O Nbd7 7. d3 e5 8. Bd2
Nh5 9. Qc1 f5 10. Ng5 Nhf6 11. Nd5 c6 12. Nxf6+ Qxf6 13. Rb1 h6 14. Nh3 g5 15.
f3 Qg6 16. e4 f4 17. g4 Nf6 18. Nf2 h5 19. h3 hxg4 20. Nxg4 Nxg4 21. hxg4 Rf7
22. Kf2 Bf8 23. Rh1 Rh7 24. Rxh7 Qxh7 25. Qh1 Be6 26. Qxh7+ Kxh7 27. b3 Rd8 28.
Bc3 Bg7 29. Rd1 c5 1/2-1/2

[Event "Madrid-ch Previa A"]
[Site "Madrid ESP"]
[Date "2016.02.10"]
[Round "3.10"]
[White "Fernandez Bonilla, M. Arcangel"]
[Black "Pashov, Spas Nikolov"]
[Result "1/2-1/2"]
[WhiteElo "1829"]
[BlackElo "1774"]
[PlyCount "83"]
[EventDate "2016.02.08"]
[EventType "swiss"]
[EventRounds "9"]
[EventCountry "ESP"]
[SourceDate "2016.02.08"]

1. e4 e5 2. Nf3 Nc6 3. Bb5 f5 4. d3 fxe4 5. dxe4 Nf6 6. O-O d6 7. Nc3 Be7 8. a3
Bg4 9. Qd3 Bxf3 10. Qxf3 O-O 11. Bc4+ Kh8 12. Qh3 Nd4 13. Bd3 Qd7 14. Qxd7 Nxd7
15. Nd5 Bd8 16. b4 c6 17. Ne3 Bg5 18. Rb1 b5 19. c3 Bxe3 20. Bxe3 Ne6 21. Rbd1
Nb6 22. Bc2 Rfd8 23. Bb3 Nc4 24. Bxc4 bxc4 25. f4 exf4 26. Bxf4 d5 27. exd5
Rxd5 28. Rxd5 cxd5 29. Be5 Kg8 30. Rd1 Rd8 31. Kf2 Kf7 32. Ke3 Nf8 33. Kd2 Nd7
34. Rf1+ Kg6 35. Bd4 a6 36. Re1 Kf7 37. Rf1+ Kg6 38. Re1 Kf7 39. Rb1 g6 40. a4
Ke6 41. Re1+ Kd6 42. Kc2 1/2-1/2

[Event "Madrid-ch Previa A"]
[Site "Madrid ESP"]
[Date "2016.02.10"]
[Round "3.11"]
[White "Galan Aguado, Fernando"]
[Black "Martin-Consuegra Barrilero, Francisco Javier"]
[Result "1-0"]
[WhiteElo "1738"]
[BlackElo "1805"]
[PlyCount "61"]
[EventDate "2016.02.08"]
[EventType "swiss"]
[EventRounds "9"]
[EventCountry "ESP"]
[SourceDate "2016.02.08"]

1. d4 d6 2. f4 Nf6 3. Nf3 Bg4 4. h3 Bxf3 5. exf3 c6 6. Nc3 d5 7. Bd3 Qc7 8. Ne2
g6 9. Bd2 e6 10. g4 Nbd7 11. c3 Bd6 12. Qc2 O-O-O 13. b4 Nb6 14. Qb3 Kb8 15. a4
Nc8 16. Kf2 Ne8 17. Rhb1 Ng7 18. a5 h5 19. g5 h4 20. b5 c5 21. b6 Qe7 22. bxa7+
Ka8 23. dxc5 Bxc5+ 24. Be3 Bxe3+ 25. Kxe3 Rd7 26. Nd4 Nf5+ 27. Kf2 Nxd4 28.
cxd4 Nxa7 29. a6 Rb8 30. Qb6 Qd8 31. Qxa7+ 1-0

[Event "Madrid-ch Previa A"]
[Site "Madrid ESP"]
[Date "2016.02.10"]
[Round "3.12"]
[White "Morona Minguez, Miguel"]
[Black "Marcelo De La Mata, Daniel"]
[Result "1-0"]
[WhiteElo "1927"]
[BlackElo "1623"]
[PlyCount "81"]
[EventDate "2016.02.08"]
[EventType "swiss"]
[EventRounds "9"]
[EventCountry "ESP"]
[SourceDate "2016.02.08"]

1. e4 c6 2. d4 d5 3. e5 Bf5 4. Be3 Na6 5. Nd2 Nc7 6. Ngf3 e6 7. c3 Be7 8. Be2
h5 9. h4 Nh6 10. Bxh6 Rxh6 11. Qb3 b5 12. a4 a6 13. axb5 axb5 14. Rxa8 Qxa8 15.
O-O Rg6 16. g3 f6 17. Kh2 Rh6 18. Re1 g5 19. exf6 Bd6 20. Nxg5 Rxf6 21. Bxh5+
Kd7 22. Qd1 Bd3 23. Ndf3 Bf5 24. Ne5+ Bxe5 25. dxe5 Rh6 26. g4 Bg6 27. Bxg6
Rxg6 28. f4 Qf8 29. Rf1 Qh6 30. Kg3 Rg8 31. Qd3 Rh8 32. h5 Ke7 33. Qg6 c5 34.
f5 Qf8 35. f6+ Kd7 36. Qg7+ Kc6 37. Qxf8 Rxf8 38. f7 Kd7 39. Nh7 Ke7 40. Nxf8
Kxf8 41. h6 1-0

[Event "Madrid-ch Previa A"]
[Site "Madrid ESP"]
[Date "2016.02.10"]
[Round "3.13"]
[White "Boni De Aristizabal, Marco"]
[Black "Santamaria Baeza, Adolfo"]
[Result "1-0"]
[WhiteElo "1735"]
[BlackElo "1918"]
[PlyCount "117"]
[EventDate "2016.02.08"]
[EventType "swiss"]
[EventRounds "9"]
[EventCountry "ESP"]
[SourceDate "2016.02.08"]

1. e4 e5 2. Nf3 Nc6 3. Bb5 Bc5 4. O-O Qf6 5. c3 a6 6. Bxc6 dxc6 7. d4 Bd6 8.
dxe5 Bxe5 9. Bg5 Qd6 10. Nxe5 Qxd1 11. Rxd1 f6 12. Bf4 fxe5 13. Bxe5 Nf6 14. f3
O-O 15. Bxc7 Be6 16. Na3 Rac8 17. Bd6 Rf7 18. b3 b6 19. Nc2 c5 20. c4 Rd7 21.
Ne3 Rcd8 22. Be5 Ne8 23. Rxd7 Rxd7 24. Rd1 Rb7 25. Rd8 Kf7 26. Rb8 Rxb8 27.
Bxb8 b5 28. Ba7 bxc4 29. Nxc4 Bxc4 30. bxc4 Nd6 31. Bxc5 Nxc4 32. Kf2 Ke6 33.
Bd4 g6 34. Ke2 Nd6 35. Kd3 Kd7 36. Bc5 Nb7 37. Kd4 Kc6 38. Ba3 Na5 39. e5 Kd7
40. Kd5 Ke8 41. e6 Nb7 42. e7 Kd7 43. Ke5 Na5 44. Kf6 Ke8 45. Kg7 Nc4 46. Bc5
Ne5 47. Kxh7 Kf7 48. f4 Nd7 49. Bd4 a5 50. g4 Kxe7 51. Kxg6 Nf8+ 52. Kf5 Ne6
53. Be5 a4 54. h4 Kf7 55. g5 Nd8 56. h5 Nc6 57. g6+ Kg8 58. h6 Ne7+ 59. Kg5 1-0

[Event "Madrid-ch Previa A"]
[Site "Madrid ESP"]
[Date "2016.02.10"]
[Round "3.14"]
[White "Santos Garay-Cordovil, Salvado"]
[Black "Serrano Gonzalez, Oscar"]
[Result "1-0"]
[WhiteElo "1873"]
[BlackElo "1718"]
[PlyCount "101"]
[EventDate "2016.02.08"]
[EventType "swiss"]
[EventRounds "9"]
[EventCountry "ESP"]
[SourceDate "2016.02.08"]

1. d4 Nf6 2. c4 e6 3. Nf3 Be7 4. Nc3 d5 5. Bg5 Nbd7 6. e3 c6 7. Bd3 h6 8. Bh4
dxc4 9. Bxc4 Nb6 10. Bd3 Nbd5 11. O-O O-O 12. Rc1 Nh5 13. Bxe7 Qxe7 14. Ne5
Nhf6 15. Bb1 c5 16. Nxd5 exd5 17. Rxc5 b6 18. Rc3 Ba6 19. Re1 Rfc8 20. Rxc8+
Rxc8 21. a3 Qc7 22. h3 Bb7 23. Qf3 Ne4 24. Qf5 Qe7 25. f3 Nf6 26. Ng4 Qe6 27.
Nxf6+ Qxf6 28. Qd3 Qh4 29. Rd1 Qg3 30. e4 dxe4 31. fxe4 Qxd3 32. Bxd3 f6 33.
Kf2 Kf7 34. Ke3 Rc7 35. b3 a6 36. Bc4+ Ke7 37. d5 Kd6 38. Kf4 b5 39. Be2 Rc3
40. Rd3 Rc2 41. Ke3 Bc8 42. g4 h5 43. Bd1 Rc7 44. gxh5 Bxh3 45. Kd4 Rc1 46. Be2
Bc8 47. Rg3 Rc7 48. Rg6 Re7 49. h6 gxh6 50. Rxf6+ Kd7 51. Bg4+ 1-0

[Event "Madrid-ch Previa A"]
[Site "Madrid ESP"]
[Date "2016.02.10"]
[Round "3.15"]
[White "Perez Cameselle, Francisco Jose"]
[Black "Guerrero Gonzalez, Francisco"]
[Result "1/2-1/2"]
[WhiteElo "1858"]
[BlackElo "1706"]
[PlyCount "120"]
[EventDate "2016.02.08"]
[EventType "swiss"]
[EventRounds "9"]
[EventCountry "ESP"]
[SourceDate "2016.02.08"]

1. d4 d5 2. Nf3 Nf6 3. c4 c6 4. Qc2 e6 5. g3 Nbd7 6. Bg2 Be7 7. O-O O-O 8. Nbd2
b6 9. e4 dxe4 10. Nxe4 Nxe4 11. Qxe4 Bb7 12. Bf4 Nf6 13. Qe2 c5 14. Rad1 cxd4
15. Nxd4 Qc8 16. Bxb7 Qxb7 17. Nb5 a6 18. Nd6 Qc6 19. b3 Rad8 20. Nf5 Bc5 21.
Nh4 Rfe8 22. Rxd8 Rxd8 23. Rd1 Rxd1+ 24. Qxd1 h6 25. Qd8+ Kh7 26. Qd3+ Kg8 27.
Be3 Ng4 28. Bxc5 Qxc5 29. Qd8+ Kh7 30. Qd3+ Kg8 31. Qe2 Ne5 32. Nf3 Nxf3+ 33.
Qxf3 Qe5 34. Kg2 a5 35. Qa8+ Kh7 36. Qf3 Qb2 37. a4 Kg6 38. h4 Qe5 39. g4 f6
40. Qd3+ f5 41. gxf5+ Qxf5 42. Qg3+ Kf6 43. Qc3+ Qe5 44. Qf3+ Qf5 45. Qc3+ e5
46. Qg3 g5 47. h5 Ke6 48. Qe3 Qg4+ 49. Kf1 Qd1+ 50. Kg2 Qd6 51. Kf1 Qd1+ 52.
Kg2 Qd6 53. Qe4 Kd7 54. Qh7+ Ke8 55. Qh8+ Kf7 56. Qh7+ Ke8 57. Qg8+ Ke7 58.
Qg7+ Ke8 59. Qg8+ Ke7 60. Qg7+ Ke8 1/2-1/2

[Event "Madrid-ch Previa A"]
[Site "Madrid ESP"]
[Date "2016.02.10"]
[Round "3.16"]
[White "Lizon Martinez, Santiago"]
[Black "Marin Aso, Jose Luis"]
[Result "1/2-1/2"]
[WhiteElo "1681"]
[BlackElo "1846"]
[PlyCount "39"]
[EventDate "2016.02.08"]
[EventType "swiss"]
[EventRounds "9"]
[EventCountry "ESP"]
[SourceDate "2016.02.08"]

1. e4 c5 2. Nf3 e6 3. d4 cxd4 4. Nxd4 Nc6 5. c3 a6 6. Bd3 Nf6 7. O-O d6 8. Nd2
Be7 9. Kh1 O-O 10. f4 e5 11. Nxc6 bxc6 12. Nc4 Qc7 13. Qf3 Be6 14. fxe5 dxe5
15. Ne3 Rfd8 16. Bc2 g6 17. Qg3 Nh5 18. Qf3 Nf6 19. Qg3 Nh5 20. Qf3 1/2-1/2

[Event "Madrid-ch Previa A"]
[Site "Madrid ESP"]
[Date "2016.02.10"]
[Round "3.17"]
[White "Corral Aragon, Juan Maria"]
[Black "Martinez Miura, Enrique"]
[Result "1-0"]
[WhiteElo "1841"]
[BlackElo "1653"]
[PlyCount "83"]
[EventDate "2016.02.08"]
[EventType "swiss"]
[EventRounds "9"]
[EventCountry "ESP"]
[SourceDate "2016.02.08"]

1. e4 e6 2. d4 d5 3. exd5 exd5 4. Nf3 Bd6 5. c4 c6 6. c5 Bc7 7. Bd3 Ne7 8. O-O
O-O 9. Bxh7+ Kh8 10. Bd3 Bf5 11. Bg5 f6 12. Bh4 Bxd3 13. Qxd3 Qd7 14. Bg3 Na6
15. Nh4 Qg4 16. Re1 Rf7 17. Rxe7 Rxe7 18. Ng6+ Qxg6 19. Qd2 Bxg3 20. hxg3 Rae8
21. Nc3 Nb4 22. a3 Na6 23. b4 Nc7 24. a4 Qh6 25. f4 Re3 26. Kf2 Qh2 27. Qxe3
Rxe3 28. Kxe3 Qxg3+ 29. Kd2 Qxf4+ 30. Kd3 Qg3+ 31. Kd2 Qxg2+ 32. Ne2 Ne6 33.
Rg1 Qf2 34. Rg4 g5 35. Rg3 Nxd4 36. Re3 Qxe2+ 37. Rxe2 Nxe2 38. Kxe2 g4 39. b5
f5 40. a5 g3 41. a6 g2 42. Kf2 1-0